Reacciónes ante derrames de hidrocarburo en el mar /

Guardado en:
Formato: Libro
Publicado: London : Witherby, 1987
Materias:
Etiquetas: Agregar Etiqueta
Sin Etiquetas, Sea el primero en etiquetar este registro!
LEADER 00773nam a22001935a 4500
001 CEM.cems007624
008 130507s1987##################000#0#####d
005 20241211092823.0
245 0 0 |a Reacciónes ante derrames de hidrocarburo en el mar / 
260 |a London :  |b Witherby,  |c 1987 
300 |a 98 p. 
505 0 |a Fuentes de hidrocarburos de petr¢leo. Destino de los derrames de hidrocarburos en el mar. Vigilancia a'rea en el mar. Reconocimiento y cuantificaci¢n del hidrocarburo en las costas. Efectos de los derrames de hidrocarburos.- 
082 0 4 |a 574.5 
653 |a Contaminacion 
653 |a Contaminacion marina 
653 |a Derrames de petroleo 
653 |a Ecologia 
653 |a Hidrocarburos-derrames 
859 |a CEMS  |b BIB. CEMS - 11 de abril  |h 574.5  |i IN8  |p 86.99  |t Ej.1